00686cam a22002291 4500001001300000003000400013005001700017008004100034010001700075025001800092035001900110040002300129042001200152050001700164110003500181245008700216260001900303300003900322651004500361650003500406700001500441sa 67004075 DLC20260227112343.0821022s1967 ii ab s000 0 eng  asa 67004075  aPL480:I-E8164 a(OCoLC)8882643 aDLCcNcDdNcDdDLC apremarc00aHC437.M3bH52 aHindustan Chamber of Commerce.10aProgressive Madras State,ba saga of integrated development,cedited by G. R. Rao. aMadrasc[1967] a272 p.billus., fold. map,c25 cm. 0aTamil Nadu (India)xEconomic conditions. 0aIndustrieszIndiazTamil Nadu.1 aRao, G. R.